000 01332cam a2200313 a 4500
999 _c15693
_d15693
001 2579132
003 ARRUPE
005 20170803091728.0
008 960508s1997 nyua b 001 0 eng
010 _a 96018851
020 _a0195106105 (clothbound)
020 _a0195106113 (paper)
040 _aDLC
_cDLC
_dDLC
050 0 0 _aQ175
_b.K548 1997
082 0 0 _a501
_220
100 1 _aKlee, Robert,
_d1952-
_934532
245 1 0 _aIntroduction to the philosophy of science :
_bcutting nature at its seams /
_cRobert Klee.
260 _aNew York :
_bOxford University Press,
_c1966.
300 _axi, 258 p. :
_bill. ;
_c25 cm.
504 _aIncludes bibliographical references (p. [251]-252) and index.
650 0 _aScience
_xPhilosophy.
_934533
650 0 _aImmunology.
_934534
856 4 2 _3Publisher description
_uhttp://www.loc.gov/catdir/enhancements/fy0604/96018851-d.html
856 4 1 _3Table of contents only
_uhttp://www.loc.gov/catdir/enhancements/fy0604/96018851-t.html
906 _a7
_bcbc
_corignew
_d1
_eocip
_f19
_gy-gencatlg
942 _2lcc
_cMONOGRAPH